Região autónoma da Madeira (Registo nº 18800)

Detalhes MARC
000 -Etiqueta do registo
Valores 00696nam a22002531i 4500
090 ## -
-- 18800
100 ## - Dados gerais de processamento
Dados gerais 20170304u u u0frey50 ba
101 0# - Língua de publicação
-- por
200 1# - Titulo e menção de responsabilidade
Primeira menção de responsabilidade António Pena
Título próprio Região autónoma da Madeira
210 ## - Publicação
Nome do editor Temas e Debates
Local de publicação Lisboa
Data de publicação imp. 1997
215 ## - Descrição física 
Paginação / Volumes 142, [2] p.
Outras indicações físicas il.
Dimensões 22 cm
225 2# - Colecção 
Título próprio da colecção Roteiros da natureza
300 ## - Notas gerais 
Texto da nota Oferta de Maria da Conceição Galveia
606 ## - Nome comum usado como assunto
ID Autoridade 1338
Palavra de ordem Roteiro
606 ## - Nome comum usado como assunto
ID Autoridade 1665
Palavra de ordem Turismo
607 ## - Nome geográfico usado como assunto
ID Autoridade 412
Palavra de ordem Madeira
675 ## - CDU
Notação 338.48
-- 1671
700 #1 - Autor principal (pessoa individual)
Apelido Pena
Nome António
-- 070
Datas 1956-
702 #1 - Autor secundário (pessoa individual)
Apelido Cabral
Nome José
-- 600
Datas 1955-
702 #1 - Autor secundário (pessoa individual)
Apelido Pena
Nome António
-- 600
Datas 1956-
801 ## - Fonte de origem
País PT
Regras de catalogação RPC
990 ## - Elementos KOHA
Tipo de documento Livro
994 ## - Estado da catalogação
-- COMP
Exemplares
Situação do levantamento Estado Biblioteca de origem Biblioteca de empréstimo Código de barras Cota Permissão de empréstimo Tipo de documento Localização na Estante Nota relativa ao exemplar
  Completo Biblioteca Municipal de Viana Do Alentejo Biblioteca Municipal de Viana Do Alentejo 0023947 33 PEN Disponível Livro    
  Completo Biblioteca Municipal de Viana Do Alentejo Pólo Alcáçovas Biblioteca Municipal de Viana Do Alentejo 0003328AL 33 PEN Disponível Livro Depósito cx. 239 vnt




Powered by Koha